| 000 | 01310nas a2200373 4500 | ||
|---|---|---|---|
| 001 | BR2013007744 | ||
| 003 | BR-BrBNA | ||
| 005 | 20231205123013.0 | ||
| 007 | ta | ||
| 008 | 230509b bl.|||p| |||| 00| 00por d | ||
| 040 |
_aBR-BrBNA _bpor _cBiblioteca Nacional de Agricultura |
||
| 041 | _a(Pt) | ||
| 072 | _aK10 | ||
| 100 | 1 | _aMachado, E.L.M. | |
| 100 | 1 | _aGonzaga, A.P.D. | |
| 100 | 1 | _aCarvalho, W.A.C. | |
| 100 | 1 | _aSouza, J.S. | |
| 100 | 1 | _aHiguchi, P. | |
| 100 | 1 | _aSantos, R. M. dos | |
| 100 | 1 | _aSilva, A.C. da | |
| 100 | 1 | _aOliveira-Filho, A.T. de | |
| 245 | 1 | _aFlutuações temporais nos padrões de distribuição diamétrica da comunidade arbóreo-arbustivo e de 15 populações em um fragmento florestal | |
| 246 | 1 | _aTemporal fluctuations in the diametric distribution patterns of the trees and shrub community and 15 populations in a forest fragment | |
| 650 | _aFLORESTA | ||
| 650 | _aDIÂMETRO | ||
| 650 | _aFLUTUAÇÃO POPULACIONAL | ||
| 650 | _aLEVANTAMENTO | ||
| 650 | _a | ||
| 650 | _a | ||
| 773 | 0 |
_tRevista Árvore (Brazil) _xISSN 0100-6762 _g(Jul-Aug 2010), v. 34(4) p. 723-732 _wBR2013007744 |
|
| 856 | 4 |
_uhttp://www.scielo.br/pdf/rarv/v34n4/v34n4a17.pdf _yRecurso eletrônico (PDF) |
|
| 909 |
_a202311 _bLúcia _c55 _dLúcia Elande |
||
| 942 |
_2AGRIS _n0 _cANA |
||
| 999 |
_c231719 _d231719 |
||